[Event "Madrid ch Superveteranos 2023-2024"]
[Site "Madrid ESP"]
[Date "2024.05.14"]
[Round "2.17"]
[White "Siddiqie, Kausar Iqbal"]
[Black "Cabrera Jimenez, Julio"]
[Result "0-1"]
[WhiteElo "1596"]
[BlackElo "1815"]
[PlyCount "128"]
[EventDate "2024.05.13"]
[EventType "swiss"]
[EventRounds "7"]
[EventCountry "ESP"]
[SourceTitle "Ajedrez en Madrid"]
[Source "lmi"]
[SourceDate "2024.05.13"]
[SourceVersion "1"]
[SourceVersionDate "2024.05.25"]
[SourceQuality "1"]

1. e4 c5 2. Nf3 d6 3. d4 cxd4 4. Nxd4 Nf6 5. Nc3 a6 6. a4 e5 7. Nf3 h6 8. h3
Be6 9. Be2 Be7 10. O-O Nbd7 11. Be3 O-O 12. a5 Rc8 13. Bd3 Nc5 14. Re1 Qc7 15.
Bf1 Rfd8 16. b4 Ncd7 17. Nd5 Bxd5 18. exd5 Qxc2 19. Nh4 Qe4 20. Nf3 Qxd5 21.
Qa4 Qe6 22. Rac1 d5 23. Bb6 Nxb6 24. axb6 e4 25. Nd4 Qxb6 26. Nf5 Bf8 27. b5
axb5 28. Bxb5 Ra8 29. Qb3 Ra5 30. Qg3 Rxb5 31. Nxh6+ Kh7 32. Nxf7 Nh5 33. Qg5
Qg6 34. Qxg6+ Kxg6 35. Nxd8 Nf4 36. Rc7 b6 37. Rc6+ Kf5 38. g4+ Ke5 39. Nf7+
Kd4 40. Rd1+ Nd3 41. Ng5 Bc5 42. Ne6+ Kc3 43. Nxc5 bxc5 44. Rg6 Rb2 45. Rf1 Nf4
46. Rxg7 Nxh3+ 47. Kg2 Nf4+ 48. Kg3 Ne2+ 49. Kh4 d4 50. Rc7 c4 51. g5 Nf4 52.
Kg4 Ne6 53. Rc1+ Kd3 54. R7xc4 Rxf2 55. g6 Ng7 56. Kg5 e3 57. Kh6 Nf5+ 58. Kh7
e2 59. g7 Nxg7 60. Kxg7 Rf1 61. Rc7 Rxc1 62. Rxc1 Kd2 63. Rh1 e1=Q 64. Rxe1
Kxe1 0-1

[Event "Madrid ch Superveteranos 2023-2024"]
[Site "Madrid ESP"]
[Date "2024.05.14"]
[Round "2.18"]
[White "Pashov, Spas Nikolov"]
[Black "Hortelano Hap, Ramon"]
[Result "1-0"]
[WhiteElo "1893"]
[BlackElo "1678"]
[PlyCount "99"]
[EventDate "2024.05.13"]
[EventType "swiss"]
[EventRounds "7"]
[EventCountry "ESP"]
[SourceTitle "Ajedrez en Madrid"]
[Source "lmi"]
[SourceDate "2024.05.13"]
[SourceVersion "1"]
[SourceVersionDate "2024.05.25"]
[SourceQuality "1"]

1. e4 c6 2. d4 d5 3. exd5 cxd5 4. c4 Nf6 5. Nc3 Nc6 6. Bg5 e6 7. c5 Be7 8. Bb5
Bd7 9. Nf3 O-O 10. Bxc6 Bxc6 11. O-O Nd7 12. Bf4 b6 13. b4 bxc5 14. dxc5 Bf6
15. Nd4 Rc8 16. Bd6 Re8 17. Rc1 Ne5 18. Nxc6 Nxc6 19. Qa4 Be5 20. Nb5 Qh4 21.
g3 Qxb4 22. Qxb4 Nxb4 23. Rb1 Nc6 24. Bxe5 Nxe5 25. Nd6 Nc4 26. Nxe8 Rxe8 27.
c6 f6 28. Rb7 Rc8 29. c7 Kf7 30. Rxa7 Ke7 31. Rb1 Kd7 32. Rb8 Nd6 33. a4 Rxc7
34. Rxc7+ Kxc7 35. Rg8 g5 36. Rg7+ Kb6 37. Rxh7 d4 38. Rh6 Ne4 39. Kf1 d3 40.
f3 Nc3 41. Ke1 Kc5 42. Rxf6 e5 43. Kd2 Kd4 44. Rd6+ Kc4 45. Rxd3 Nxa4 46. h4
Nc5 47. Rc3+ Kd5 48. Rxc5+ Kxc5 49. hxg5 Kd5 50. Ke3 1-0

[Event "Madrid ch Superveteranos 2023-2024"]
[Site "Madrid ESP"]
[Date "2024.05.14"]
[Round "2.19"]
[White "Ortiz Landeira, Jose Antonio"]
[Black "Abad Martin-Camunas, Luis"]
[Result "1/2-1/2"]
[WhiteElo "1817"]
[BlackElo "1623"]
[PlyCount "68"]
[EventDate "2024.05.13"]
[EventType "swiss"]
[EventRounds "7"]
[EventCountry "ESP"]
[SourceTitle "Ajedrez en Madrid"]
[Source "lmi"]
[SourceDate "2024.05.13"]
[SourceVersion "1"]
[SourceVersionDate "2024.05.25"]
[SourceQuality "1"]

1. Nf3 Nf6 2. c4 g6 3. g3 Bg7 4. Bg2 O-O 5. Nc3 e6 6. O-O d5 7. cxd5 exd5 8. d4
h6 9. Nd2 Be6 10. Nb3 b6 11. e4 dxe4 12. Nxe4 Nxe4 13. Bxe4 c6 14. Be3 Re8 15.
Bc2 Nd7 16. Qd2 Kh7 17. Rfe1 Nf6 18. f3 Bh3 19. Bf2 Qd6 20. Rxe8 Rxe8 21. Re1
Rxe1+ 22. Qxe1 Qd5 23. Be4 Nxe4 24. Qxe4 Qxe4 25. fxe4 f6 26. Be3 Be6 27. Nc1
g5 28. Kf2 Kg6 29. a3 Kf7 30. Kf3 Kg6 31. g4 h5 32. h3 hxg4+ 33. hxg4 Bf8 34.
Ne2 Bd6 1/2-1/2

[Event "Madrid ch Superveteranos 2023-2024"]
[Site "Madrid ESP"]
[Date "2024.05.14"]
[Round "2.20"]
[White "Jimenez Ascarza, Jose Ignacio"]
[Black "Garcia Marin, Blas"]
[Result "1-0"]
[WhiteElo "1749"]
[BlackElo "1612"]
[PlyCount "51"]
[EventDate "2024.05.13"]
[EventType "swiss"]
[EventRounds "7"]
[EventCountry "ESP"]
[SourceTitle "Ajedrez en Madrid"]
[Source "lmi"]
[SourceDate "2024.05.13"]
[SourceVersion "1"]
[SourceVersionDate "2024.05.25"]
[SourceQuality "1"]

1. e4 c5 2. Nf3 Nc6 3. d4 cxd4 4. Nxd4 Nxd4 5. Qxd4 d6 6. Nc3 e5 7. Bb5+ Bd7 8.
Qd3 a6 9. Bc4 Nf6 10. Bg5 Bc6 11. O-O-O h6 12. Bh4 g5 13. Bg3 b5 14. Bb3 a5 15.
Nd5 a4 16. Nxf6+ Qxf6 17. Bd5 Rc8 18. Bxc6+ Rxc6 19. Qxb5 Kd7 20. Bxe5 Qxf2 21.
Rd2 Qc5 22. Qxc5 Rxc5 23. Bxh8 Kc6 24. Rf1 h5 25. Rxf7 Bh6 26. Rf6 1-0

[Event "Madrid ch Superveteranos 2023-2024"]
[Site "Madrid ESP"]
[Date "2024.05.14"]
[Round "2.21"]
[White "Salgado Duarte, Pablo"]
[Black "Martinez Rubio, Felipe"]
[Result "0-1"]
[WhiteElo "1663"]
[BlackElo "1746"]
[PlyCount "72"]
[EventDate "2024.05.13"]
[EventType "swiss"]
[EventRounds "7"]
[EventCountry "ESP"]
[SourceTitle "Ajedrez en Madrid"]
[Source "lmi"]
[SourceDate "2024.05.13"]
[SourceVersion "1"]
[SourceVersionDate "2024.05.25"]
[SourceQuality "1"]

1. e4 c5 2. Nf3 e6 3. Nc3 a6 4. d4 cxd4 5. Nxd4 Nc6 6. Nxc6 bxc6 7. Bd3 Bb4 8.
Bd2 d5 9. O-O Ne7 10. Re1 O-O 11. a3 Ba5 12. exd5 cxd5 13. b4 Bc7 14. Qf3 Ng6
15. Bxg6 fxg6 16. Qe2 Rf5 17. Rad1 Qh4 18. g3 Qf6 19. Na4 e5 20. Bc1 Bd7 21.
Nc5 Bb5 22. Qd2 Bc6 23. Bb2 d4 24. Ne4 Qd8 25. c4 h6 26. Nc5 Qd6 27. Ne4 Qf8
28. Qd3 Rf3 29. Qe2 Qf7 30. Rd3 Rf5 31. Nd2 Rf8 32. Rf1 Bd6 33. c5 Be7 34. Nb1
Bb5 35. Qd2 Bxd3 36. Qxd3 Rxf2 0-1

[Event "Madrid ch Superveteranos 2023-2024"]
[Site "Madrid ESP"]
[Date "2024.05.14"]
[Round "2.22"]
[White "Martinez Pintor, Juan"]
[Black "Plaza Plaza, Prudencio"]
[Result "1-0"]
[WhiteElo "1743"]
[BlackElo "1612"]
[PlyCount "77"]
[EventDate "2024.05.13"]
[EventType "swiss"]
[EventRounds "7"]
[EventCountry "ESP"]
[SourceTitle "Ajedrez en Madrid"]
[Source "lmi"]
[SourceDate "2024.05.13"]
[SourceVersion "1"]
[SourceVersionDate "2024.05.25"]
[SourceQuality "1"]

1. d4 d5 2. c4 e6 3. Nc3 Nf6 4. cxd5 exd5 5. Bg5 Nbd7 6. Nxd5 Nxd5 7. Bxd8 Bb4+
8. Qd2 Bxd2+ 9. Kxd2 Kxd8 10. e4 N5f6 11. f3 Nb6 12. Bd3 c6 13. Ne2 Be6 14. b3
Ke7 15. g4 g5 16. Rac1 h5 17. h3 hxg4 18. hxg4 Rh4 19. Rxh4 gxh4 20. Rh1 Rh8
21. Nf4 a5 22. Kc3 a4 23. Rh3 axb3 24. axb3 Nbd7 25. Ng2 Nxg4 26. fxg4 Bxg4 27.
Rxh4 Rxh4 28. Nxh4 Kf6 29. Ng2 Kg5 30. Ne3 Kf4 31. Nxg4 Kxg4 32. Bc4 Kf4 33. e5
Nxe5 34. dxe5 Kxe5 35. Bxf7 b6 36. Be8 c5 37. Kc4 Kd6 38. Kb5 Kc7 39. Bc6 1-0

[Event "Madrid ch Superveteranos 2023-2024"]
[Site "Madrid ESP"]
[Date "2024.05.14"]
[Round "2.23"]
[White "Infante Martin, Alonso"]
[Black "Ramos Antona, Enrique"]
[Result "1-0"]
[WhiteElo "1620"]
[BlackElo "1737"]
[PlyCount "72"]
[EventDate "2024.05.13"]
[EventType "swiss"]
[EventRounds "7"]
[EventCountry "ESP"]
[SourceTitle "Ajedrez en Madrid"]
[Source "lmi"]
[SourceDate "2024.05.13"]
[SourceVersion "1"]
[SourceVersionDate "2024.05.25"]
[SourceQuality "1"]

1. d4 Nf6 2. Nf3 e6 3. c4 Bb4+ 4. Bd2 Bxd2+ 5. Nbxd2 d5 6. e3 O-O 7. Rc1 Nbd7
8. Bd3 h6 9. O-O b6 10. cxd5 exd5 11. Qc2 c5 12. b3 Bb7 13. h3 Rc8 14. Qb1 a6
15. Rfe1 Re8 16. Nh4 Ne4 17. Nhf3 Qf6 18. Bxe4 dxe4 19. Nh2 h5 20. Nhf1 Qg5 21.
Ng3 f5 22. Ne2 cxd4 23. Nxd4 Nc5 24. Rf1 Rcd8 25. b4 Rxd4 26. f4 exf3 27. Nxf3
Qxe3+ 28. Kh1 Be4 29. Qa1 Ne6 30. Rce1 Qd3 31. Rd1 Qc4 32. Nxd4 Nxd4 33. Rxd4
Qc6 34. Rf2 Qf6 35. Qd1 Kh7 36. Qxh5+ Kg8 1-0

[Event "Madrid ch Superveteranos 2023-2024"]
[Site "Madrid ESP"]
[Date "2024.05.14"]
[Round "2.24"]
[White "Ros Martinez, Francisco Javier"]
[Black "Vasquez Escobar, Andres Eloy"]
[Result "1/2-1/2"]
[WhiteElo "1731"]
[BlackElo "1600"]
[PlyCount "77"]
[EventDate "2024.05.13"]
[EventType "swiss"]
[EventRounds "7"]
[EventCountry "ESP"]
[SourceTitle "Ajedrez en Madrid"]
[Source "lmi"]
[SourceDate "2024.05.13"]
[SourceVersion "1"]
[SourceVersionDate "2024.05.25"]
[SourceQuality "1"]

1. d4 c5 2. d5 e5 3. e4 d6 4. Nf3 Nf6 5. Nc3 Be7 6. a4 O-O 7. Be2 Nbd7 8. Nd2
Re8 9. Nc4 Nf8 10. O-O Ng6 11. Ne3 h6 12. Nf5 Bxf5 13. exf5 Nf8 14. Bf3 a6 15.
Qd3 Rb8 16. a5 N8h7 17. h4 Bf8 18. g3 Qd7 19. Re1 Kh8 20. Kg2 Ng8 21. Be4 Nhf6
22. f3 Be7 23. b3 Nxe4 24. fxe4 Nf6 25. Qe2 Rg8 26. Rf1 Kh7 27. Be3 Qd8 28. h5
Kh8 29. Bd2 Nh7 30. Na4 Ng5 31. Nb6 Qc7 32. Nc4 Qd7 33. Rh1 Rgd8 34. Rhf1 Rf8
35. Rf2 Kg8 36. Re1 Rfd8 37. Qf1 Rf8 38. Qe2 Qd8 39. Ra1 1/2-1/2

[Event "Madrid ch Superveteranos 2023-2024"]
[Site "Madrid ESP"]
[Date "2024.05.14"]
[Round "2.25"]
[White "Diaz Begonte, Manuel"]
[Black "Perales Hernandez, Manuel"]
[Result "1-0"]
[WhiteElo "1712"]
[BlackElo "1588"]
[PlyCount "145"]
[EventDate "2024.05.13"]
[EventType "swiss"]
[EventRounds "7"]
[EventCountry "ESP"]
[SourceTitle "Ajedrez en Madrid"]
[Source "lmi"]
[SourceDate "2024.05.13"]
[SourceVersion "1"]
[SourceVersionDate "2024.05.25"]
[SourceQuality "1"]

1. e4 e5 2. d4 exd4 3. f4 Qe7 4. Bd3 Nf6 5. Qe2 d6 6. Nf3 Bg4 7. O-O Nc6 8. a3
a6 9. Nbd2 g6 10. b4 Bh6 11. Nb3 Nh5 12. Qf2 Bxf3 13. Qxf3 Qf6 14. g4 Ng7 15.
g5 Bxg5 16. fxg5 Qe7 17. Bb2 Qxg5+ 18. Kh1 O-O 19. Nxd4 Ne5 20. Qg3 Qxg3 21.
hxg3 Nh5 22. Kg2 c5 23. bxc5 dxc5 24. Nf3 Ng4 25. Rae1 b5 26. Ne5 Nxe5 27. Bxe5
c4 28. Be2 Ng7 29. Bf3 Rfd8 30. Rd1 Ne6 31. Rxd8+ Rxd8 32. Rd1 Rxd1 33. Bxd1 h5
34. Bf6 Nc5 35. Kf3 Nd7 36. Bd4 f6 37. Kf4 Kf7 38. g4 h4 39. g5 Nf8 40. Bxf6
Ne6+ 41. Kg4 Nc5 42. Bf3 Ke6 43. Kxh4 a5 44. c3 Nd3 45. Bg4+ Kd6 46. Kg3 Ne5
47. Bxe5+ Kxe5 48. Kf3 b4 49. cxb4 axb4 50. axb4 Kd4 51. Ke2 Kxe4 52. Kd2 Kd4
53. Kc2 c3 54. Be2 Ke3 55. Bd3 Kf4 56. Bxg6 Kxg5 57. Bd3 Kf6 58. Kxc3 Ke6 59.
Kc4 Kd6 60. Kb5 Kc7 61. Ka6 Kb8 62. Kb6 Ka8 63. Kc7 Ka7 64. b5 Ka8 65. Be4+ Ka7
66. b6+ Ka6 67. b7 Ka5 68. b8=Q Ka4 69. Kc6 Ka3 70. Kc5 Ka2 71. Kc4 Ka1 72. Kc3
Ka2 73. Qb2# 1-0

[Event "Madrid ch Superveteranos 2023-2024"]
[Site "Madrid ESP"]
[Date "2024.05.14"]
[Round "2.26"]
[White "Benito Mellado, Humberto"]
[Black "Ghavami, Mahmoud"]
[Result "0-1"]
[WhiteElo "1608"]
[BlackElo "1682"]
[PlyCount "60"]
[EventDate "2024.05.13"]
[EventType "swiss"]
[EventRounds "7"]
[EventCountry "ESP"]
[SourceTitle "Ajedrez en Madrid"]
[Source "lmi"]
[SourceDate "2024.05.13"]
[SourceVersion "1"]
[SourceVersionDate "2024.05.25"]
[SourceQuality "1"]

1. d4 d5 2. c4 e6 3. Nc3 c6 4. Nf3 Bd6 5. Bg5 Qc7 6. c5 Be7 7. Bxe7 Nxe7 8. e4
Ng6 9. e5 Nd7 10. Bd3 b6 11. b4 a5 12. bxa5 bxc5 13. Bxg6 hxg6 14. O-O Qxa5 15.
Ne2 Ba6 16. Re1 Bxe2 17. Qxe2 cxd4 18. Nxd4 c5 19. Nb3 Qc7 20. a4 O-O 21. Nd2
c4 22. Nf3 Nc5 23. Nd4 Nd3 24. Nb5 Qe7 25. Rf1 Qg5 26. a5 Qxe5 27. Qd2 Nc5 28.
Rfe1 Qf6 29. Qe3 Nb3 30. Ra3 Rxa5 0-1

[Event "Madrid ch Superveteranos 2023-2024"]
[Site "Madrid ESP"]
[Date "2024.05.14"]
[Round "2.27"]
[White "Lopez Manso, Jeronimo"]
[Black "Gonzalez Finat, Borja"]
[Result "0-1"]
[WhiteElo "1564"]
[BlackElo "1672"]
[PlyCount "96"]
[EventDate "2024.05.13"]
[EventType "swiss"]
[EventRounds "7"]
[EventCountry "ESP"]
[SourceTitle "Ajedrez en Madrid"]
[Source "lmi"]
[SourceDate "2024.05.13"]
[SourceVersion "1"]
[SourceVersionDate "2024.05.25"]
[SourceQuality "1"]

1. Nf3 d6 2. g3 g6 3. Bg2 Bg7 4. d4 Nd7 5. c4 c6 6. O-O Ngf6 7. Re1 O-O 8. e4
e5 9. Be3 Nxe4 10. d5 cxd5 11. cxd5 Nb6 12. Na3 Nf6 13. Rc1 Nbxd5 14. Bg5 Be6
15. h4 h6 16. Bd2 Bg4 17. Qb3 Nb6 18. Qb4 Qd7 19. Be3 Nfd5 20. Qb3 Be6 21. Qd3
Rac8 22. Qd2 Rxc1 23. Rxc1 Nxe3 24. Qxe3 f5 25. Rd1 f4 26. Qd3 Bf5 27. Qxd6
Qxd6 28. Rxd6 fxg3 29. fxg3 Be4 30. Kf2 Bxf3 31. Bh3 Bg4+ 32. Kg2 Bxh3+ 33.
Kxh3 Kh7 34. Nb5 Nc4 35. Rd7 a6 36. Nc7 Kg8 37. Ne6 Rf7 38. Rd8+ Kh7 39. Kg4
h5+ 40. Kh3 Bh6 41. g4 hxg4+ 42. Kxg4 Ne3+ 43. Kg3 Nf5+ 44. Kh3 e4 45. Rd5 e3
46. Re5 Rd7 47. Kg2 Kg8 48. h5 Nd4 0-1

[Event "Madrid ch Superveteranos 2023-2024"]
[Site "Madrid ESP"]
[Date "2024.05.16"]
[Round "3.1"]
[White "Barraza Caracuel, Ignacio"]
[Black "Martin-Consuegra Barrilero, Javi"]
[Result "1-0"]
[WhiteElo "2046"]
[BlackElo "1827"]
[PlyCount "93"]
[EventDate "2024.05.13"]
[EventType "swiss"]
[EventRounds "7"]
[EventCountry "ESP"]
[SourceTitle "Ajedrez en Madrid"]
[Source "lmi"]
[SourceDate "2024.05.13"]
[SourceVersion "1"]
[SourceVersionDate "2024.05.25"]
[SourceQuality "1"]

1. e4 d6 2. d4 Nf6 3. Nc3 c6 4. a4 a5 5. h3 e5 6. Nf3 Qc7 7. Be2 Be7 8. O-O O-O
9. Be3 Na6 10. Qd2 Nb4 11. Rfd1 Bd7 12. dxe5 dxe5 13. Bc4 Be8 14. Qe2 Rd8 15.
Rxd8 Bxd8 16. Rd1 Be7 17. Nh2 Bd7 18. Ng4 Nxg4 19. hxg4 Rd8 20. f3 Be8 21. Rc1
b6 22. Qf2 Rb8 23. Rd1 b5 24. axb5 cxb5 25. Nd5 Nxd5 26. Bxd5 Bc6 27. Bc5 Bxd5
28. Bxe7 Qxe7 29. exd5 a4 30. d6 Qd7 31. Qc5 f6 32. c3 Rc8 33. Qd5+ Kf8 34. g5
Rc4 35. Kh2 Rh4+ 36. Kg3 Rh5 37. gxf6 Rg5+ 38. Kf2 gxf6 39. Qa8+ Kf7 40. Qd5+
Kg7 41. Qc5 Kf7 42. Qc7 Ke6 43. c4 bxc4 44. Qxc4+ Kf5 45. g4+ Kg6 46. Qg8+ Kh6
47. Rh1+ 1-0

[Event "Madrid ch Superveteranos 2023-2024"]
[Site "Madrid ESP"]
[Date "2024.05.16"]
[Round "3.2"]
[White "Pinan Gaviria, Jose"]
[Black "Cabanas Bravo, Juan Andres"]
[Result "0-1"]
[WhiteElo "1819"]
[BlackElo "1986"]
[PlyCount "90"]
[EventDate "2024.05.13"]
[EventType "swiss"]
[EventRounds "7"]
[EventCountry "ESP"]
[SourceTitle "Ajedrez en Madrid"]
[Source "lmi"]
[SourceDate "2024.05.13"]
[SourceVersion "1"]
[SourceVersionDate "2024.05.25"]
[SourceQuality "1"]

1. e4 e5 2. Nf3 Nc6 3. Bb5 a6 4. Ba4 Nf6 5. O-O Nxe4 6. d4 b5 7. Bb3 d5 8. dxe5
Be6 9. c3 Nc5 10. Bc2 Bg4 11. Re1 Be7 12. Bf4 Ne6 13. Bg3 d4 14. Be4 Qd7 15.
Bxc6 Qxc6 16. Nxd4 Nxd4 17. Qxd4 Be6 18. Nd2 Bd5 19. Ne4 O-O-O 20. Qe3 Bxe4 21.
Qxe4 Qxe4 22. Rxe4 Rd2 23. Rb1 Rhd8 24. Kf1 g5 25. Re2 h5 26. Rxd2 Rxd2 27. Ke1
Rd7 28. f3 c5 29. Rd1 Rb7 30. Rd5 c4 31. Bf2 b4 32. Kd2 b3 33. axb3 cxb3 34.
Bc5 Rb5 35. c4 Rxc5 36. Kc3 Kc7 37. Kxb3 Kc6 38. Rxc5+ Kxc5 39. Kc3 a5 40. g3
a4 41. h3 Bd8 42. b4+ axb3 43. Kxb3 Bc7 44. f4 gxf4 45. gxf4 Kd4 0-1

[Event "Madrid ch Superveteranos 2023-2024"]
[Site "Madrid ESP"]
[Date "2024.05.16"]
[Round "3.3"]
[White "Pastor Alonso De Prado, Alberto"]
[Black "Perez Pascual, Arturo"]
[Result "1-0"]
[WhiteElo "1980"]
[BlackElo "1756"]
[PlyCount "103"]
[EventDate "2024.05.13"]
[EventType "swiss"]
[EventRounds "7"]
[EventCountry "ESP"]
[SourceTitle "Ajedrez en Madrid"]
[Source "lmi"]
[SourceDate "2024.05.13"]
[SourceVersion "1"]
[SourceVersionDate "2024.05.25"]
[SourceQuality "1"]

1. e4 e5 2. Nf3 Nf6 3. Nc3 Bb4 4. Nxe5 O-O 5. Nd3 Bxc3 6. dxc3 Nxe4 7. Be2 Re8
8. O-O d6 9. f3 Ng5 10. Re1 Nc6 11. Bf1 Rxe1 12. Qxe1 Bd7 13. Nf4 Ne5 14. Qg3
Ne6 15. Nd5 c6 16. f4 Ng6 17. f5 cxd5 18. fxg6 hxg6 19. Qxd6 Qb6+ 20. Qxb6 axb6
21. Be3 b5 22. a3 Bc6 23. g3 f5 24. Bd3 Kf7 25. Rf1 Ke7 26. g4 f4 27. Bxf4 Rf8
28. Be3 Rxf1+ 29. Kxf1 g5 30. Kf2 Kd6 31. Kg3 Ke5 32. Bf5 d4 33. Bd2 Be4 34.
cxd4+ Nxd4 35. Bc3 Kd5 36. Bxe4+ Kxe4 37. Bxd4 Kxd4 38. Kf3 g6 39. h3 b6 40.
Ke2 Ke4 41. c3 Kf4 42. Kd3 Kf3 43. b3 Kg3 44. Ke3 Kxh3 45. Kf3 Kh2 46. a4 bxa4
47. bxa4 Kg1 48. c4 Kf1 49. c5 bxc5 50. a5 c4 51. a6 c3 52. Ke3 1-0

[Event "Madrid ch Superveteranos 2023-2024"]
[Site "Madrid ESP"]
[Date "2024.05.16"]
[Round "3.4"]
[White "Olmedo Camacho, Jose"]
[Black "Gonzalez Rivera, Eduardo"]
[Result "0-1"]
[WhiteElo "1750"]
[BlackElo "1965"]
[PlyCount "94"]
[EventDate "2024.05.13"]
[EventType "swiss"]
[EventRounds "7"]
[EventCountry "ESP"]
[SourceTitle "Ajedrez en Madrid"]
[Source "lmi"]
[SourceDate "2024.05.13"]
[SourceVersion "1"]
[SourceVersionDate "2024.05.25"]
[SourceQuality "1"]

1. e4 e5 2. Nf3 Nc6 3. Bc4 f5 4. d4 fxe4 5. Nxe5 d5 6. Nxc6 bxc6 7. Qh5+ Ke7 8.
Be2 Nf6 9. Bg5 Qd6 10. c3 h6 11. Bxf6+ Qxf6 12. O-O g6 13. Qe5+ Qxe5 14. dxe5
Bg7 15. f4 exf3 16. Bxf3 Bxe5 17. Nd2 Ba6 18. Rfe1 Kf6 19. Nb3 Rab8 20. Rac1
Bd6 21. Rc2 Rhe8 22. Rxe8 Rxe8 23. g3 Bc8 24. Kg2 h5 25. Rf2 Kg7 26. Rd2 Re1
27. Kf2 Rb1 28. Bd1 Bg4 29. Bxg4 hxg4 30. Nd4 Bc5 31. Ke3 Re1+ 32. Kd3 Bxd4 33.
Kxd4 Re4+ 34. Kd3 c5 35. Rf2 c6 36. a3 a5 37. Rf1 a4 38. Rf2 c4+ 39. Kd2 c5 40.
Kc2 d4 41. Kd2 d3 42. Kd1 Kh6 43. Kd2 Kg5 44. Kd1 Re2 45. Rxe2 dxe2+ 46. Kxe2
Kf5 47. Ke3 Ke5 0-1

[Event "Madrid ch Superveteranos 2023-2024"]
[Site "Madrid ESP"]
[Date "2024.05.16"]
[Round "3.5"]
[White "Martin Martin, Luis Vicente"]
[Black "Camarero Izquierdo, Juan Carlos"]
[Result "1-0"]
[WhiteElo "1953"]
[BlackElo "1725"]
[PlyCount "147"]
[EventDate "2024.05.13"]
[EventType "swiss"]
[EventRounds "7"]
[EventCountry "ESP"]
[SourceTitle "Ajedrez en Madrid"]
[Source "lmi"]
[SourceDate "2024.05.13"]
[SourceVersion "1"]
[SourceVersionDate "2024.05.25"]
[SourceQuality "1"]

1. d4 Nf6 2. Bf4 g6 3. Nf3 Bg7 4. e3 O-O 5. h3 c5 6. c3 cxd4 7. exd4 d6 8. Be2
Bf5 9. O-O Qc8 10. Nbd2 Nc6 11. Re1 h6 12. Bh2 g5 13. Nf1 Bg6 14. Bd3 Bh5 15.
Ng3 g4 16. Nxh5 Nxh5 17. hxg4 Qxg4 18. Nd2 Nf6 19. Ne4 Qxd1 20. Nxf6+ Bxf6 21.
Raxd1 d5 22. Re3 Kh8 23. Rh3 Kg7 24. Re1 Rh8 25. Rh5 e6 26. Bf4 Ne7 27. Re3 Ng6
28. Rg3 Rag8 29. Bd2 Rh7 30. Rgh3 Rgh8 31. f4 Be7 32. f5 exf5 33. Bxf5 Kf6 34.
Bxg6 fxg6 35. Rxd5 g5 36. Rf3+ Kg6 37. c4 g4 38. Rb3 Bh4 39. g3 Bg5 40. Be3 Re8
41. Re5 Rxe5 42. dxe5 Bxe3+ 43. Rxe3 Kf5 44. Kf2 Ke6 45. Re4 h5 46. Ke3 Rf7 47.
Rf4 Rc7 48. Kd4 Rd7+ 49. Ke4 Rd2 50. Rf6+ Ke7 51. b3 Rxa2 52. Rh6 b6 53. Rxh5
Ra3 54. Kf4 a5 55. Kxg4 Rxb3 56. Rh6 a4 57. Kf5 a3 58. Rh7+ Kf8 59. g4 Rf3+ 60.
Ke6 Rg3 61. Rh8+ Kg7 62. Ra8 Rxg4 63. Rxa3 Rxc4 64. Rb3 Rc6+ 65. Kd7 Rc5 66. e6
Rd5+ 67. Ke7 b5 68. Rg3+ Kh7 69. Rg4 Rd1 70. Kf7 Rf1+ 71. Ke8 Rd1 72. e7 Rd5
73. Kf7 Rf5+ 74. Ke6 1-0

[Event "Madrid ch Superveteranos 2023-2024"]
[Site "Madrid ESP"]
[Date "2024.05.16"]
[Round "3.6"]
[White "Garcia Galeote, Lorenzo"]
[Black "Conchillo Roman, Jose Ignacio"]
[Result "1/2-1/2"]
[WhiteElo "1905"]
[BlackElo "1672"]
[PlyCount "31"]
[EventDate "2024.05.13"]
[EventType "swiss"]
[EventRounds "7"]
[EventCountry "ESP"]
[SourceTitle "Ajedrez en Madrid"]
[Source "lmi"]
[SourceDate "2024.05.13"]
[SourceVersion "1"]
[SourceVersionDate "2024.05.25"]
[SourceQuality "1"]

1. d4 Nf6 2. c4 g6 3. Nc3 Bg7 4. e4 d6 5. Nge2 O-O 6. Ng3 e5 7. d5 Nbd7 8. Be2
a5 9. h4 h6 10. h5 g5 11. Nf5 Nc5 12. Nxg7 Kxg7 13. f3 Nh7 14. g4 Bd7 15. Be3
b6 16. a4 1/2-1/2

[Event "Madrid ch Superveteranos 2023-2024"]
[Site "Madrid ESP"]
[Date "2024.05.16"]
[Round "3.7"]
[White "Fernandez Garcia, Ignacio"]
[Black "Mauriello, Nunzio"]
[Result "1-0"]
[WhiteElo "1872"]
[BlackElo "1726"]
[PlyCount "147"]
[EventDate "2024.05.13"]
[EventType "swiss"]
[EventRounds "7"]
[EventCountry "ESP"]
[SourceTitle "Ajedrez en Madrid"]
[Source "lmi"]
[SourceDate "2024.05.13"]
[SourceVersion "1"]
[SourceVersionDate "2024.05.25"]
[SourceQuality "1"]

1. e4 c6 2. Nf3 d5 3. e5 c5 4. Bb5+ Nc6 5. Nc3 a6 6. Be2 e6 7. O-O Nge7 8. Re1
Ng6 9. Bf1 Be7 10. d3 O-O 11. g3 b5 12. h4 Qc7 13. Qe2 Rd8 14. h5 Nf8 15. Bg2
Nd4 16. Nxd4 cxd4 17. Nd1 Bb7 18. c3 dxc3 19. bxc3 Rac8 20. Qg4 Nd7 21. Bf4 Nc5
22. Bf1 d4 23. Bh6 g6 24. hxg6 hxg6 25. cxd4 Na4 26. Rc1 Qd7 27. Rxc8 Bxc8 28.
Be3 b4 29. Bg2 Nb6 30. Be4 Kg7 31. Kg2 Rh8 32. Rh1 Rxh1 33. Kxh1 Bb7 34. Nb2
Bd5 35. Qh3 Kg8 36. Kh2 Bxa2 37. Qg4 Qe8 38. Qd1 Qc8 39. Qg4 Qe8 40. Qd1 Bd5
41. Qa1 Qc6 42. Qxa6 Qc3 43. Qxb6 Qxb2 44. Bxd5 exd5 45. Qb5 Qa3 46. Qe8+ Bf8
47. e6 Qa7 48. Bg5 fxe6 49. Qxg6+ Bg7 50. Qxe6+ Qf7 51. Qc8+ Qf8 52. Qe6+ Qf7
53. Qc8+ Qf8 54. Qxf8+ Kxf8 55. Bd2 Kf7 56. Bxb4 Bxd4 57. Kg2 Ke6 58. f4 Be3
59. Kf3 Bc1 60. Bc3 Kf5 61. g4+ Ke6 62. Bd4 Bd2 63. Be3 Be1 64. f5+ Ke5 65. d4+
Kf6 66. Bf2 Bd2 67. Bh4+ Kf7 68. g5 Kg7 69. Kg4 Be3 70. Kh5 Bxd4 71. g6 Be3 72.
f6+ Kg8 73. f7+ Kg7 74. Be7 1-0

[Event "Madrid ch Superveteranos 2023-2024"]
[Site "Madrid ESP"]
[Date "2024.05.16"]
[Round "3.8"]
[White "Cabrera Jimenez, Julio"]
[Black "Jimenez Jimenez, Jose Luis"]
[Result "1/2-1/2"]
[WhiteElo "1815"]
[BlackElo "1835"]
[PlyCount "57"]
[EventDate "2024.05.13"]
[EventType "swiss"]
[EventRounds "7"]
[EventCountry "ESP"]
[SourceTitle "Ajedrez en Madrid"]
[Source "lmi"]
[SourceDate "2024.05.13"]
[SourceVersion "1"]
[SourceVersionDate "2024.05.25"]
[SourceQuality "1"]

1. e4 e5 2. Nf3 Nc6 3. Bb5 Nf6 4. O-O d6 5. Re1 Be7 6. c3 a6 7. Ba4 b5 8. Bc2
Bg4 9. a4 O-O 10. h3 Bh5 11. d3 b4 12. a5 Qd7 13. Ba4 d5 14. Nbd2 dxe4 15. dxe4
bxc3 16. bxc3 Qe6 17. Bb3 Qd7 18. Qc2 Rfd8 19. Ba4 Bd6 20. Ba3 Bxa3 21. Rxa3
Bxf3 22. Nxf3 Qd6 23. Raa1 Nxa5 24. Rad1 Qc5 25. Nd2 g6 26. Nb3 Nxb3 27. Bxb3
a5 28. Ba4 Rd6 29. Rb1 1/2-1/2